000 00598nam a2200193Ia 4500
008 240729s9999 xx 000 0 und d
022 _a2008-8469
245 0 _aAddiction and Health
260 _aIran, Islamic Republic of
260 _bKerman University of Medical Sciences
650 _a Internal medicine
650 _a Neurology. Diseases of the nervous system
650 _a Neurosciences. Biological psychiatry. Neuropsychiatry
650 _a Psychiatry
650 _aMedicine
856 _uhttps://doaj.org/toc/f20a808a1de1461881b854c77598686c
942 _2ddc
942 _cDOAJEJ
999 _c68748
_d68748
945 _a1
_bMadushi Gamage
_c1
_dMadushi Gamage